| 000 | 03015cam a22004454i 4500 | ||
|---|---|---|---|
| 003 | PE-LiUPU | ||
| 005 | 20250731183437.0 | ||
| 008 | 150706s r 000 0 d | ||
| 035 | _a(Sirsi) a52011 | ||
| 040 |
_aPE-LiUPU _bspa _cPE-LiUPU _erda |
||
| 049 | _aPRUA | ||
| 082 | 0 | 4 |
_a720.986105 _bE78 _221 |
| 245 | 0 | 1 |
_aCelebración. Memoria y culto / _ceditor Casa Editorial Escala S.A. ; director David Serna Cárdenas ; colaboración de Alvaro Niño. [et al.]. |
| 264 | 1 |
_aBogotá : _bEscala, _c2009. |
|
| 300 |
_a124 páginas : _bilustraciones ; _c35 cm. |
||
| 336 |
_atext _2rdacontent |
||
| 337 |
_aunmediated _2rdamedia |
||
| 338 |
_avolume _2rdacarrier |
||
| 490 | 0 |
_aPaquetes temáticos ; _v217 |
|
| 500 | _aISSN: 0120-6702Incluye reseñas de: Libros, notas, concursos. | ||
| 505 | 0 | _aPremiado convivE IV -- X dl XXI -- Arquitectura Colombiana actual -- Fundación Rogelio Salmona -- Le Corbusier en Bogtá - 1947 -1951 -- Mundial de futbol sostenible -- Bienal de arquitectura de Sao Paulo -- Cultos posmodernos -- Monumentos -- Parque de la meditación. Chillán - Chile -- Plaza de la Esmeralda. Muzo - Colombia -- Casa de meditación. México D. F -- México -- Templo de la paz. Curitiba, Paraná - Brasil -- Capilla. Tatui, São Paulo - Brasil -- Mausoleo Juan y Eva Perón, San Vicente, Prov. de Bs. As -- Argentina -- Capilla Ecuménica en el Gimnasio Moderno. Bogotá - Colombia -- Crematorio. Guarne, Antioquia - Colombia -- Lugar de Oración del Cementerio. Pelarco - Chile -- Iglesia y centro comunitario San Josemaría -- Iglesia del Sagrado Corazón de Jesús. Surco, Lima -Perú -- Sede social y templo - Comunidad Amijai. Buenos Aires - Argentina -- Manantial de vida eterna. Bogotá - Colombia -- La "democratización" del monumento público. Notas latinoamericanas -- Nuevas iglesias protestantes. Un programa arquitectónico? -- Mgp arquitectura y urbanismo -- La construcción del mercado a partir del análisis de su actividad. | |
| 526 | _aP158 | ||
| 526 | _aP146 | ||
| 526 | _aP17 | ||
| 526 | _aP12 | ||
| 526 | _aP06 | ||
| 541 | _g004-000770; | ||
| 650 | 0 | 4 |
_aArquitectura latinoamericana _vPublicaciones seriadas. |
| 650 | 0 | 4 |
_aArquitectura latinoamericana _vFotografías _vPublicaciones seriadas. |
| 650 | 0 | 4 |
_aDiseño arquitectónico _zAmérica Latina _vPublicaciones seriadas. |
| 650 | 0 | 4 |
_aArquitectos latinoamericanos _vPublicaciones seriadas. |
| 700 | 1 |
_aSerna Cárdenas, David, _edir. |
|
| 710 | 2 | _aCasa Editorial Escala S.A. | |
| 910 |
_afsr _cfsr _d20130108 |
||
| 942 |
_2ddc _cBOOK |
||
| 949 |
_a720.986105 E78 217 _wDEWEY _c1 _i66335 _lCCODEBUL1 _mBUL _p31.00 _r0 _sY _tLIBRO _u2015-07-06 _xINGENIERIA _PP06 _o.STAFF. Colección General |
||
| 994 |
_aC0 _bPEPRU |
||
| 596 | _a1 | ||
| 999 |
_a720.986105 E78 217 _wDEWEY _c54597 _i66335 _d54597 _e2017-10-19 _f2021-11-9 _g4 _lCCODEBUL1 _mBUL _n3 _p31.00 _r0 _sY _tBOOK _u2015-7-6 _xINGENIERIA _PP06 _0COMPRA _o.STAFF. Colección General |
||
| 980 |
_81 _gALBERTO SANCHEZ Responsable de Automatización |
||